Análisis de intensidades de precipitación de la cuenca Río Grande de Térraba
Gorde:
| Egile nagusia: | |
|---|---|
| Formatua: | Liburua |
| Hizkuntza: | Spanish |
| Argitaratua: |
[San José], Costa Rica
2015
|
| Gaiak: | |
| Etiketak: |
Etiketa erantsi
Etiketarik gabe, Izan zaitez lehena erregistro honi etiketa jartzen!
|
MARC
| LEADER | 00000nam a22000007a 4500 | ||
|---|---|---|---|
| 003 | 012257 | ||
| 005 | 20221231143913.0 | ||
| 008 | 150916b2015 cr a|||| |||| 00| 0 spa d | ||
| 040 | |c cru CEDI | ||
| 090 | |a TFG 7421 | ||
| 100 | |9 1162 |a García Camacho, Efraín | ||
| 245 | |a Análisis de intensidades de precipitación de la cuenca Río Grande de Térraba | ||
| 260 | |a [San José], Costa Rica |c 2015 | ||
| 500 | |a Proyecto de graduación (licenciatura en ingeniería civil)--Universidad de Costa Rica. Facultad de Ingeniería. Escuela de Ingeniería Civil | ||
| 650 | |x PRECIPITACION ATMOSFERICA |x LLUVIA - COSTA RICA |x RIO GRANDE DE TERRABA (COSTA RICA) |9 1163 | ||
| 942 | |c TFG | ||
| 999 | |c 14002 |d 14002 | ||
